书目信息 |
| 题名: |
矛攻还是盾守:企业争霸的总体战略策划书
|
|
| 作者: | 周永亮 著 | |
| 分册: | ||
| 出版信息: | 哈尔滨 哈尔滨出版社 2000.01 |
|
| 页数: | 306页 | |
| 开本: | 32开 | |
| 丛书名: | ||
| 单 册: | ||
| 中图分类: | F27 | |
| 科图分类: | ||
| 主题词: | 企业经济 | |
| 电子资源: | ||
| ISBN: | 7-80639-255-6 | |
| 000 | 00608nam0 2200193 45 | |
| 001 | 0012121595 | |
| 005 | 20001212152620.9 | |
| 010 | @a7-80639-255-6@d16.80元 | |
| 100 | @a20001212d2000 km y0chiy0120 ea | |
| 101 | 0 | @achi |
| 105 | @a z 000yy | |
| 200 | 1 | @a矛攻还是盾守:企业争霸的总体战略策划书@AMao Gong Hai Shi Dun Shou:Qi Ye Zheng Ba De Zong TiZhan Lue Ce Hua Shu@f周永亮著@FZhou Yong Liang Zhu |
| 210 | @a哈尔滨@c哈尔滨出版社@d2000.01 | |
| 215 | @a306页@d32开 | |
| 606 | 0 | @a企业经济 |
| 690 | @aF27@v3 | |
| 701 | 0 | @a周永亮@4著 |
| 801 | @aCN@bPftUser@c20001212 | |
| 905 | @b306645-647@dF27@eZH465@f3 | |
| 矛攻还是盾守:企业争霸的总体战略策划书/周永亮著.-哈尔滨:哈尔滨出版社,2000.01 |
| 306页;32开 |
| ISBN 7-80639-255-6:16.80元 |
| ● |
| 相关链接 |
|
|
|
正题名:矛攻还是盾守:企业争霸的总体战略策划书
索取号:F27/ZH465
 
预约/预借
| 序号 | 登录号 | 条形码 | 馆藏地/架位号 | 状态 | 备注 |
| 1 | 306645 | 203066458 | 社科库409/409社科库 82排1列3层/ [索取号:F27/ZH465] | 在馆 | |
| 2 | 306646 | 203066467 | 社科库409/409社科库 82排1列3层/ [索取号:F27/ZH465] | 在馆 | |
| 3 | 306647 | 203066476 | 社科库409/409社科库 82排1列3层/ [索取号:F27/ZH465] | 在馆 |